[Event "Montigny le Bretonneux op 10th"]
[Site "Montigny le Bretonneux"]
[Date "2011.10.24"]
[Round "3"]
[White "Fruchard, Cyrille"]
[Black "Dominguez, Alain"]
[Result "1/2-1/2"]
[WhiteElo "1821"]
[BlackElo "1877"]
[PlyCount "169"]
[EventDate "2011.10.22"]
[EventType "swiss"]
[EventRounds "9"]
[EventCountry "FRA"]
[SourceTitle "EXT 2012"]
[Source "ChessBase"]
[SourceDate "2011.11.24"]
[SourceVersion "1"]
[SourceVersionDate "2011.11.24"]
[SourceQuality "1"]

1. d4 d5 2. c4 dxc4 3. Nf3 Nf6 4. e3 Bf5 5. Nc3 e6 6. Bxc4 c6 7. 0-0 Nbd7 8. Qe2 Be7 9. e4 Bg4 10. Rd1 0-0 11. Bg5 Re8 12. e5 Nd5 13. Bxe7 Nxc3 14. bxc3 Qxe7 15. Bd3 Nf8 16. Qe3 h6 17. Rdc1 Red8 18. Nd2 Bh5 19. Rab1 b6 20. Nc4 Bg6 21. Bxg6 Nxg6 22. Qe4 Rac8 23. Nd6 Rc7 24. c4 c5 25. dxc5 Rxc5 26. f4 Rc7 27. Rd1 Rcd7 28. Rd3 Qh4 29. g3 Qg4 30. Rbd1 Nf8 31. Kg2 Qg6 32. Qxg6 Nxg6 33. Kf3 Ne7 34. Ke3 Nc6 35. a3 Kf8 36. Kd2 f6 37. Kc3 fxe5 38. fxe5 Nxe5 39. Re3 Rxd6 40. Rxd6 Rxd6 41. Rxe5 Ke7 42. Re2 Rd1 43. Ra2 Rf1 44. a4 Rf5 45. Kd4 h5 46. Rc2 g5 47. Ke4 Ra5 48. Ra2 Kf6 49. Rf2+ Ke7 50. Ra2 Kd6 51. Kd4 e5+ 52. Kd3 Ke6 53. Ke4 Rc5 54. Kd3 Kf5 55. h3 g4 56. h4 Ke6 57. Rc2 Rc8 58. Ra2 Rf8 59. a5 Rf3+ 60. Ke4 Rc3 61. Ra4 Kd6 62. axb6 axb6 63. Rb4 Kc6 64. Kxe5 Rxg3 65. Kf5 Re3 66. Kf4 Ra3 67. Rb2 Ra5 68. Rb1 Rc5 69. Rb4 b5 70. cxb5+ Rxb5 71. Rc4+ Kd6 72. Rd4+ Ke6 73. Re4+ Kf6 74. Re3 Rf5+ 75. Kg3 Re5 76. Ra3 Rd5 77. Ra6+ Kf5 78. Ra3 Ke4 79. Ra2 Rd3+ 80. Kg2 Rh3 81. Ra4+ Ke3 82. Ra3+ Ke2 83. Rxh3 gxh3+ 84. Kxh3 Kf3 85. Kh2 1/2-1/2

[Event "Montigny le Bretonneux op 10th"]
[Site "Montigny le Bretonneux"]
[Date "2011.10.23"]
[Round "2"]
[White "Dominguez, Alain"]
[Black "Duval, Dominique"]
[Result "1-0"]
[WhiteElo "1877"]
[BlackElo "1805"]
[PlyCount "49"]
[EventDate "2011.10.22"]
[EventType "swiss"]
[EventRounds "9"]
[EventCountry "FRA"]
[SourceTitle "EXT 2012"]
[Source "ChessBase"]
[SourceDate "2011.11.24"]
[SourceVersion "1"]
[SourceVersionDate "2011.11.24"]
[SourceQuality "1"]

1. c4 e5 2. g3 Nf6 3. Nc3 d5 4. cxd5 Nxd5 5. Bg2 Nb6 6. Qc2 Nc6 7. b3 Be6 8. Bb2 Be7 9. Rd1 0-0 10. Nf3 f6 11. 0-0 Nb4 12. Qb1 c6 13. d4 exd4 14. Nxd4 Qc8 15. Qe4 Bxb3 16. axb3 N4d5 17. Nxd5 Nxd5 18. Qe6+ Rf7 19. Bxd5 cxd5 20. Qxd5 Qc7 21. Ne6 Qb6 22. Rd3 Rc8 23. Rc3 Rxc3 24. Bxc3 Kh8 25. Bd4 1-0

[Event "Montigny le Bretonneux-B 9th"]
[Site "Montigny le Bretonneux"]
[Date "2010.10.31"]
[Round "9"]
[White "Mongey, Alain"]
[Black "Dominguez, Alain"]
[Result "1-0"]
[WhiteElo "1697"]
[BlackElo "1841"]
[PlyCount "132"]
[EventDate "2010.10.23"]
[EventType "tourn"]
[EventRounds "9"]
[EventCountry "FRA"]
[SourceTitle "EXT 2011"]
[Source "ChessBase"]
[SourceDate "2010.11.26"]
[SourceVersion "1"]
[SourceVersionDate "2010.11.26"]
[SourceQuality "1"]

1. d4 d5 2. Nf3 Nf6 3. Bg5 Nbd7 4. e3 e6 5. c4 c6 6. Nc3 Be7 7. Bd3 0-0 8. 0-0 a6 9. h3 dxc4 10. Bxc4 b5 11. Bd3 Nd5 12. Bxe7 Qxe7 13. Nxd5 cxd5 14. Qc2 h6 15. Rac1 Re8 16. Qb1 Qd6 17. Rc3 e5 18. dxe5 Nxe5 19. Be2 b4 20. Rcc1 a5 21. Nd4 Bd7 22. Rfd1 Red8 23. Rd2 Qb6 24. b3 Rac8 25. Qb2 Rxc1+ 26. Qxc1 Rc8 27. Rc2 Rxc2 28. Qxc2 Ng6 29. Bf3 Ne7 30. Bg4 Be8 31. Nf5 Ng6 32. Bf3 Bc6 33. Nd4 Bb7 34. Be2 Nf8 35. Nf5 g5 36. Bh5 Qf6 37. Nd4 Qe5 38. Bg4 Ng6 39. Bf5 Kg7 40. g3 h5 41. Qc5 Ne7 42. Bd3 Bc8 43. Kg2 Bd7 44. Qxa5 f5 45. Qxb4 Kf7 46. a4 f4 47. Nf3 Qf6 48. exf4 g4 49. Ng5+ Kg7 50. h4 d4 51. Qc5 Bc6+ 52. Kg1 Nd5 53. Qa7+ Ne7 54. Qc7 Bd5 55. b4 Bf3 56. Qe5 Nd5 57. Qxf6+ Kxf6 58. Nxf3 gxf3 59. b5 Ke7 60. Be4 Nc3 61. Bxf3 Nxa4 62. Bxh5 d3 63. Kf1 Nc3 64. b6 Kd6 65. Ke1 Kc6 66. Kd2 Nb5 1-0

[Event "Montigny le Bretonneux-B 9th"]
[Site "Montigny le Bretonneux"]
[Date "2010.10.30"]
[Round "8"]
[White "Dominguez, Alain"]
[Black "Schweisguth, Etienne"]
[Result "1/2-1/2"]
[WhiteElo "1841"]
[BlackElo "1730"]
[PlyCount "70"]
[EventDate "2010.10.23"]
[EventType "tourn"]
[EventRounds "9"]
[EventCountry "FRA"]
[SourceTitle "EXT 2011"]
[Source "ChessBase"]
[SourceDate "2010.11.26"]
[SourceVersion "1"]
[SourceVersionDate "2010.11.26"]
[SourceQuality "1"]

1. c4 f5 2. g3 Nf6 3. Nc3 g6 4. Bg2 Bg7 5. d4 0-0 6. e4 d6 7. Nge2 c6 8. 0-0 e5 9. dxe5 dxe5 10. Qb3 Qc7 11. Be3 Na6 12. c5+ Qf7 13. Qa3 f4 14. gxf4 exf4 15. Bxf4 Ng4 16. Bg3 Ne5 17. Bxe5 Bxe5 18. f4 Bg7 19. b3 Qe7 20. b4 Nc7 21. Rae1 Be6 22. Qc1 Rad8 23. a3 Qh4 24. Qe3 Bc4 25. e5 Rd3 26. Qc1 Ne6 27. Ne4 Bd5 28. Rd1 Rxd1 29. Qxd1 Bxe4 30. Bxe4 Nxf4 31. Qb3+ Kh8 32. Nxf4 Rxf4 33. Rxf4 Qxf4 34. Qf3 Qxf3 35. Bxf3 Bxe5 1/2-1/2

[Event "Montigny le Bretonneux-B 9th"]
[Site "Montigny le Bretonneux"]
[Date "2010.10.29"]
[Round "7"]
[White "Branson, James"]
[Black "Dominguez, Alain"]
[Result "0-1"]
[WhiteElo "1689"]
[BlackElo "1841"]
[PlyCount "84"]
[EventDate "2010.10.23"]
[EventType "tourn"]
[EventRounds "9"]
[EventCountry "FRA"]
[SourceTitle "EXT 2011"]
[Source "ChessBase"]
[SourceDate "2010.11.26"]
[SourceVersion "1"]
[SourceVersionDate "2010.11.26"]
[SourceQuality "1"]

1. e4 c5 2. Nf3 Nc6 3. Bb5 Qc7 4. 0-0 Nf6 5. Re1 e5 6. Nc3 a6 7. Nd5 Nxd5 8. exd5 Nd4 9. Nxe5 Be7 10. d6 Qxd6 11. Bc4 0-0 12. Nxf7 Rxf7 13. Qh5 Ne6 14. d4 cxd4 15. Bd3 g6 16. Qh3 Bf8 17. Bd2 b5 18. Re4 Bb7 19. Rh4 Nc5 20. Bf1 Re8 21. g3 Qc6 22. Bg2 d5 23. Rxd4 Ne4 24. Be3 Bg7 25. Rd3 Qxc2 26. Bxe4 dxe4 27. Rd7 Rxd7 28. Qxd7 Qc6 29. Qd2 g5 30. Rc1 Qd5 31. Qe2 Qxa2 32. Rc7 Qd5 33. Rc5 Qb3 34. Rc7 Bd5 35. Rxg7+ Kxg7 36. Bd4+ Kg6 37. h4 Qf3 38. Qc2 Kh5 39. hxg5 Kg4 40. Be3 Kh3 41. Kf1 Bc4+ 42. Ke1 Rd8 0-1

[Event "Montigny le Bretonneux-B 9th"]
[Site "Montigny le Bretonneux"]
[Date "2010.10.27"]
[Round "5"]
[White "Fayolle, Guy"]
[Black "Dominguez, Alain"]
[Result "1-0"]
[WhiteElo "1813"]
[BlackElo "1841"]
[PlyCount "113"]
[EventDate "2010.10.23"]
[EventType "tourn"]
[EventRounds "9"]
[EventCountry "FRA"]
[SourceTitle "EXT 2011"]
[Source "ChessBase"]
[SourceDate "2010.11.26"]
[SourceVersion "1"]
[SourceVersionDate "2010.11.26"]
[SourceQuality "1"]

1. e4 c5 2. Nf3 a6 3. d4 cxd4 4. Nxd4 b5 5. Be2 Bb7 6. Bf3 e6 7. 0-0 Nc6 8. c3 Qc7 9. Nxc6 Bxc6 10. Be3 Bd6 11. g3 Nf6 12. Nd2 0-0 13. Bg2 e5 14. h4 h6 15. g4 Be7 16. Qe2 d5 17. g5 hxg5 18. Bxg5 Nxe4 19. Nxe4 dxe4 20. Bxe4 Bxe4 21. Qxe4 f5 22. Qd5+ Kh7 23. Kg2 Rad8 24. Qf3 e4 25. Qh5+ Kg8 26. Rad1 Rxd1 27. Rxd1 Qe5 28. f4 exf3+ 29. Qxf3 Bd6 30. Qd5+ Qxd5+ 31. Rxd5 Bc7 32. Rd7 Rf7 33. Rxf7 Kxf7 34. h5 Be5 35. Kf3 Ke6 36. Bf4 Bf6 37. Bc1 Bh4 38. b3 Bf6 39. c4 bxc4 40. bxc4 Be5 41. Bf4 Bd4 42. Be3 Be5 43. Bf4 Bd4 44. Ke2 Kf6 45. Kd3 Bb6 46. Be3 Bc7 47. c5 g5 48. hxg6 Kxg6 49. Kc4 f4 50. Bf2 Kf6 51. Kd5 Ke7 52. Kc6 Be5 53. Kb7 a5 54. c6 Ke6 55. c7 Bxc7 56. Kxc7 Kd5 57. Kb6 1-0

[Event "Montigny le Bretonneux-B 9th"]
[Site "Montigny le Bretonneux"]
[Date "2010.10.25"]
[Round "3"]
[White "Dominguez, Alain"]
[Black "Jean, Robert"]
[Result "1/2-1/2"]
[WhiteElo "1841"]
[BlackElo "1852"]
[PlyCount "112"]
[EventDate "2010.10.23"]
[EventType "tourn"]
[EventRounds "9"]
[EventCountry "FRA"]
[SourceTitle "EXT 2011"]
[Source "ChessBase"]
[SourceDate "2010.11.26"]
[SourceVersion "1"]
[SourceVersionDate "2010.11.26"]
[SourceQuality "1"]

1. c4 Nf6 2. Nc3 g6 3. d4 Bg7 4. e4 d6 5. Be2 0-0 6. h3 e5 7. d5 Nbd7 8. b4 a5 9. b5 Nc5 10. Bf3 Nfd7 11. Nge2 f5 12. Rb1 Nf6 13. Bg5 b6 14. Qc2 Qe8 15. Bxf6 Rxf6 16. Ng3 f4 17. Nge2 h5 18. h4 Qe7 19. Na4 Nxa4 20. Qxa4 Rf7 21. Ng1 Bf6 22. g3 fxg3 23. fxg3 Bg7 24. Qd1 Bd7 25. a4 Raf8 26. Rb3 Bg4 27. Rh2 Bh6 28. Rc2 g5 29. hxg5 Qxg5 30. Rcc3 h4 31. Qe2 Bxf3 32. Rxf3 Rxf3 33. Rxf3 Qc1+ 34. Kf2 hxg3+ 35. Kg2 Bf4 36. Rf1 Qa3 37. Nh3 Rf7 38. Rh1 Rg7 39. Ng1 Qxa4 40. Qh5 Qc2+ 41. Qe2 Qxe2+ 42. Nxe2 Rh7 43. Rxh7 Kxh7 44. Nc3 Kg6 45. Na4 Kg5 46. Kh3 Kh6 47. c5 dxc5 48. d6 cxd6 49. Nxb6 Kg5 50. Nd5 c4 51. b6 c3 52. b7 c2 53. b8Q c1Q 54. Qg8+ Kh6 55. Qh8+ Kg6 56. Qg8+ Kh6 1/2-1/2

[Event "Montigny le Bretonneux-B 9th"]
[Site "Montigny le Bretonneux"]
[Date "2010.10.24"]
[Round "2"]
[White "Hurlot, Rodolphe"]
[Black "Dominguez, Alain"]
[Result "0-1"]
[WhiteElo "1759"]
[BlackElo "1841"]
[PlyCount "104"]
[EventDate "2010.10.23"]
[EventType "tourn"]
[EventRounds "9"]
[EventCountry "FRA"]
[SourceTitle "EXT 2011"]
[Source "ChessBase"]
[SourceDate "2010.11.26"]
[SourceVersion "1"]
[SourceVersionDate "2010.11.26"]
[SourceQuality "1"]

1. Nf3 c5 2. d3 d5 3. g3 Nf6 4. Bg2 Nc6 5. 0-0 e5 6. Nbd2 Be7 7. a4 0-0 8. e4 dxe4 9. dxe4 h6 10. c3 Be6 11. Qe2 Qc7 12. Nc4 a6 13. Na3 Na5 14. c4 Nb3 15. Rb1 Rfd8 16. Qc2 Nxc1 17. Rbxc1 Rd7 18. Rcd1 Rad8 19. Rxd7 Bxd7 20. Nb1 Bc6 21. Nc3 Bd7 22. h3 Bd6 23. Rd1 Be6 24. b3 Qc8 25. Kh2 Be7 26. Nd5 Bxd5 27. cxd5 Bd6 28. Nd2 b5 29. axb5 axb5 30. Bf1 Qb7 31. Ra1 Qb6 32. Kg2 Ne8 33. g4 Nc7 34. Nb1 g6 35. Qd2 Kg7 36. Qe3 Be7 37. f4 exf4 38. Qxf4 Bg5 39. Qf3 Re8 40. Bd3 b4 41. Ra2 Nb5 42. Bxb5 Qxb5 43. Nd2 Bxd2 44. Rxd2 c4 45. Qe2 Rc8 46. Rc2 cxb3 47. Qxb5 bxc2 48. Qxb4 c1Q 49. Qd4+ Kg8 50. d6 Rc2+ 51. Kf3 Rd2 52. Qe5 Qa3+ 0-1

[Event "Montigny le Bretonneux-B 8th"]
[Site "Montigny le Bretonneux"]
[Date "2009.10.25"]
[Round "2"]
[White "Dominguez, Alain"]
[Black "Jean, Robert"]
[Result "1-0"]
[WhiteElo "1810"]
[BlackElo "1845"]
[PlyCount "93"]
[EventDate "2009.10.24"]
[EventType "tourn"]
[EventRounds "9"]
[EventCountry "FRA"]
[SourceTitle "EXT 2011"]
[Source "ChessBase"]
[SourceDate "2010.11.26"]
[SourceVersion "1"]
[SourceVersionDate "2010.11.26"]
[SourceQuality "1"]

1. c4 Nf6 2. g3 e5 3. Bg2 d5 4. cxd5 Nxd5 5. Nc3 Nb6 6. Qc2 Nc6 7. d3 Be7 8. Nf3 0-0 9. 0-0 Be6 10. b3 f6 11. Bb2 Nd4 12. Nxd4 exd4 13. Nb5 c5 14. Bxb7 Rb8 15. Bg2 Qd7 16. Na3 Nd5 17. Nc4 Bf7 18. Rfe1 Rfe8 19. e4 dxe3 20. Rad1 Nb4 21. Qb1 exf2+ 22. Kxf2 Bg6 23. Be4 Bxe4 24. dxe4 Qh3 25. Kg1 Nc6 26. e5 fxe5 27. Bxe5 Nxe5 28. Rxe5 Bf8 29. Qe4 Rxe5 30. Qxe5 Qc8 31. Qd5+ Kh8 32. Ne5 g6 33. Rf1 Rb7 34. Nf7+ Rxf7 35. Rxf7 Qe8 36. Rxa7 Qe3+ 37. Kg2 Qe2+ 38. Kh3 Qf1+ 39. Qg2 Qf5+ 40. g4 Qd3+ 41. Qg3 Qf1+ 42. Kh4 Qf6+ 43. g5 Qd4+ 44. Kh3 Bd6 45. Rd7 Bxg3 46. Rxd4 cxd4 47. Kxg3 1-0

[Event "Montigny le Bretonneux-B 8th"]
[Site "Montigny le Bretonneux"]
[Date "2009.10.24"]
[Round "1"]
[White "Couronne, Patrice"]
[Black "Dominguez, Alain"]
[Result "1/2-1/2"]
[WhiteElo "1765"]
[BlackElo "1810"]
[PlyCount "107"]
[EventDate "2009.10.24"]
[EventType "tourn"]
[EventRounds "9"]
[EventCountry "FRA"]
[SourceTitle "EXT 2011"]
[Source "ChessBase"]
[SourceDate "2010.11.26"]
[SourceVersion "1"]
[SourceVersionDate "2010.11.26"]
[SourceQuality "1"]

1. b3 d5 2. e3 e5 3. Bb2 Nd7 4. c4 c6 5. cxd5 cxd5 6. Bb5 Bd6 7. f4 d4 8. fxe5 Bxe5 9. Nf3 Bf6 10. Bxd4 Bxd4 11. Nxd4 Ne7 12. 0-0 0-0 13. Nc3 a6 14. Be2 Ne5 15. Nf3 Qa5 16. Nxe5 Qxe5 17. Bf3 Rb8 18. Bg4 f5 19. Be2 b5 20. Rc1 Bb7 21. Bf3 Bc8 22. Qe2 Re8 23. Qd3 Be6 24. Ne2 Rbd8 25. Qc3 Qd6 26. Rfd1 g5 27. Bh5 Bf7 28. Bxf7+ Kxf7 29. Nd4 Kg8 30. Qc5 h6 31. Nxf5 Qxc5 32. Rxc5 Nxf5 33. Rxf5 Rxe3 34. Rf6 Kg7 35. Rxa6 Red3 36. Kf2 Rxd2+ 37. Rxd2 Rxd2+ 38. Kf3 h5 39. h3 Rd4 40. Ra5 Rb4 41. Ra6 Kf7 42. g3 h4 43. gxh4 Rxh4 44. Kg3 Rb4 45. Rd6 Kg7 46. Rd5 Kf6 47. Rd3 Ke6 48. Kf3 Rh4 49. Ke2 b4 50. Rg3 Kf5 51. Kd3 Kf4 52. Re3 Kf5 53. Ke2 Kf4 54. Rf3+ 1/2-1/2

[Event "Massy 21th op"]
[Site "Massy "]
[Date "2009.07.03"]
[Round "?"]
[White "Tchimichkian, Vardan"]
[Black "Dominguez, Alain"]
[Result "1-0"]
[WhiteElo "1596"]
[BlackElo "1815"]
[PlyCount "74"]
[EventDate "2009.06.27"]
[EventType "swiss"]
[EventRounds "7"]
[EventCountry "FRA"]
[SourceTitle "EXT 2010"]
[Source "ChessBase"]
[SourceDate "2010.11.25"]
[SourceVersion "1"]
[SourceVersionDate "2010.11.25"]
[SourceQuality "1"]

1. e4 c5 2. Nc3 Nc6 3. f4 a6 4. a3 b5 5. Nf3 Bb7 6. Be2 e6 7. 0-0 Nd4 8. d3 Nxe2+ 9. Qxe2 Nf6 10. h3 Be7 11. Bd2 Qc7 12. g4 b4 13. Nd1 a5 14. a4 c4 15. e5 cxd3 16. cxd3 Nd5 17. Rc1 Qb6+ 18. d4 Ba6 19. Rc4 Bxc4 20. Qxc4 0-0 21. f5 Rfe8 22. Qd3 exf5 23. gxf5 f6 24. Kh1 Kh8 25. Rg1 Qc6 26. Qe4 Nb6 27. Qg4 Rg8 28. Kh2 fxe5 29. Nxe5 Bd6 30. Bf4 Bxe5 31. Bxe5 h6 32. Bxg7+ Kh7 33. f6 Qc2+ 34. Rg2 Qb1 35. f7 Rac8 36. fxg8Q+ Rxg8 37. Ne3 Qe1 1-0

[Event "Massy 21th op"]
[Site "Massy "]
[Date "2009.06.28"]
[Round "?"]
[White "Dominguez, Alain"]
[Black "Etrog, Jonathan"]
[Result "0-1"]
[WhiteElo "1815"]
[BlackElo "2123"]
[PlyCount "86"]
[EventDate "2009.06.27"]
[EventType "swiss"]
[EventRounds "7"]
[EventCountry "FRA"]
[SourceTitle "EXT 2010"]
[Source "ChessBase"]
[SourceDate "2010.11.25"]
[SourceVersion "1"]
[SourceVersionDate "2010.11.25"]
[SourceQuality "1"]

1. c4 c5 2. Nc3 Nc6 3. g3 g6 4. Bg2 Bg7 5. d3 a6 6. Nf3 e5 7. 0-0 Nge7 8. e4 0-0 9. Bd2 d6 10. h3 Rb8 11. Kh2 b5 12. b3 h6 13. Qc1 Kh7 14. Ne2 f5 15. Rb1 g5 16. Qc2 Qe8 17. Nfg1 f4 18. g4 Bf6 19. b4 Nxb4 20. Bxb4 cxb4 21. Rxb4 Bd7 22. cxb5 Bxb5 23. Rfb1 Rc8 24. Qd1 Nc6 25. R4b2 Nd8 26. Nf3 Ne6 27. Rb4 Nc5 28. Ne1 Qd7 29. d4 Bxe2 30. Qxe2 exd4 31. Nd3 Be5 32. f3 Rc7 33. Nxc5 dxc5 34. Rb6 c4 35. Qb2 c3 36. Qa3 c2 37. Rc1 Rf6 38. Rxf6 Bxf6 39. Bf1 Rc3 40. Qxa6 d3 41. Qxf6 d2 42. Bb5 dxc1Q 43. Bxd7 Qd2+ 0-1

[Event "Montigny le Bretonneux Noel op 09th"]
[Site "Montigny le Bretonneux"]
[Date "2006.12.27"]
[Round "5"]
[White "Claisse, Patrick"]
[Black "Dominguez, Alain"]
[Result "1-0"]
[WhiteElo "1980"]
[BlackElo "1863"]
[PlyCount "85"]
[EventDate "2006.12.27"]
[EventType "swiss"]
[EventRounds "7"]
[EventCountry "FRA"]
[SourceTitle "CBM 116 Extra"]
[Source "ChessBase"]
[SourceDate "2007.03.07"]
[SourceVersion "1"]
[SourceVersionDate "2007.03.07"]
[SourceQuality "1"]

1. e4 c5 2. Nf3 e6 3. d4 cxd4 4. Nxd4 a6 5. c4 Qc7 6. Nc3 Bb4 7. Qb3 Ba5 8. f4 Ne7 9. Be2 0-0 10. Be3 d6 11. 0-0 Nbc6 12. Nf3 Rb8 13. Rac1 Bxc3 14. Rxc3 b6 15. Rd1 a5 16. Rcd3 Rd8 17. a3 Ba6 18. R3d2 Ng6 19. Qc3 Nce7 20. g3 Nc6 21. c5 Bxe2 22. cxd6 Qb7 23. Rxe2 Nf8 24. Rc2 Na7 25. Qd3 Rbc8 26. Kf2 Rxc2+ 27. Qxc2 Rc8 28. Qd3 Rd8 29. e5 b5 30. Bxa7 Qxa7+ 31. Qd4 Rd7 32. Qxa7 Rxa7 33. Rc1 b4 34. a4 h6 35. Rc7 Ra8 36. Nd4 f6 37. Nc6 fxe5 38. fxe5 Ng6 39. d7 Rf8+ 40. Ke2 Kh7 41. Rc8 Rf5 42. d8Q Nxe5 43. Qg8+ 1-0

[Event "Montigny le Bretonneux Noel op 09th"]
[Site "Montigny le Bretonneux"]
[Date "2006.12.27"]
[Round "4"]
[White "Dominguez, Alain"]
[Black "Korsak, Gregoire"]
[Result "1-0"]
[WhiteElo "1863"]
[BlackElo "1670"]
[PlyCount "111"]
[EventDate "2006.12.27"]
[EventType "swiss"]
[EventRounds "7"]
[EventCountry "FRA"]
[SourceTitle "CBM 116 Extra"]
[Source "ChessBase"]
[SourceDate "2007.03.07"]
[SourceVersion "1"]
[SourceVersionDate "2007.03.07"]
[SourceQuality "1"]

1. c4 g6 2. Nc3 Bg7 3. g3 Nf6 4. Bg2 0-0 5. e4 Nc6 6. Nge2 d6 7. 0-0 Ne5 8. b3 c5 9. Qc2 e6 10. Bb2 Nc6 11. a3 Bd7 12. Nd1 Qc8 13. Ne3 e5 14. Rac1 a6 15. d3 b5 16. Nc3 Nd4 17. Qd1 Bh6 18. Rb1 Bh3 19. Ned5 Nxd5 20. Nxd5 Ra7 21. Bc3 Be6 22. Ne3 Bxe3 23. fxe3 Bg4 24. Qd2 Ne2+ 25. Kh1 Nxc3 26. Qxc3 Bh3 27. b4 Bxg2+ 28. Kxg2 Rc7 29. Rbc1 Qg4 30. Rf2 Rfc8 31. h3 Qg5 32. Qe1 cxb4 33. axb4 bxc4 34. Rfc2 c3 35. h4 Qg4 36. Ra1 Rc6 37. Qf2 Qe6 38. Rb1 d5 39. Qf3 d4 40. exd4 exd4 41. Qf4 Qf6 42. Qc1 Rb8 43. Qa3 Qd6 44. Qa4 Rb5 45. Qb3 a5 46. Rf2 Qe7 47. Qa4 Rb8 48. Rbf1 Qxb4 49. Qd1 Rb7 50. Qg4 Rc5 51. h5 Rxh5 52. Qc8+ Kg7 53. Qd8 Qb6 54. Rxf7+ Kh6 55. Qf8+ Kg5 56. Rxb7 1-0

[Event "Montigny le Bretonneux Noel op 09th"]
[Site "Montigny le Bretonneux"]
[Date "2006.12.27"]
[Round "3"]
[White "Msellek, Ilyass"]
[Black "Dominguez, Alain"]
[Result "1/2-1/2"]
[WhiteElo "1600"]
[BlackElo "1863"]
[PlyCount "137"]
[EventDate "2006.12.27"]
[EventType "swiss"]
[EventRounds "7"]
[EventCountry "FRA"]
[SourceTitle "CBM 116 Extra"]
[Source "ChessBase"]
[SourceDate "2007.03.07"]
[SourceVersion "1"]
[SourceVersionDate "2007.03.07"]
[SourceQuality "1"]

1. e4 c5 2. Nf3 e6 3. d4 cxd4 4. Nxd4 a6 5. f3 b5 6. Be3 Bb7 7. Be2 Nc6 8. Nxc6 Bxc6 9. c4 b4 10. 0-0 Qc7 11. c5 Bb5 12. Bxb5 axb5 13. Qd4 Rc8 14. Qxb4 Bxc5 15. Bxc5 Qxc5+ 16. Qxc5 Rxc5 17. Nc3 Ke7 18. Rfc1 d6 19. Ne2 Nf6 20. b4 Rc4 21. Rxc4 bxc4 22. b5 Nd7 23. a4 Ra8 24. a5 Kd8 25. Nd4 Kc8 26. Nc6 Kb7 27. Nb4 Nc5 28. Nc6 Nb3 29. Ra3 Nc5 30. Kf2 Na6 31. Nd4 Nc7 32. b6 Na6 33. Nb5 Rd8 34. Ra2 g6 35. Rd2 Kc6 36. Nc3 Nb4 37. Ke3 Ra8 38. Kd4 Rxa5 39. Kxc4 Na6 40. Rb2 Nc5 41. Ne2 Ra4+ 42. Kc3 Ra6 43. Nd4+ Kb7 44. Kc4 Na4 45. Rb3 Nxb6+ 46. Kc3 e5 47. Nc2 Kc7 48. Nb4 Ra5 49. Kd3 Kd7 50. Rc3 Na4 51. Rc2 Nc5+ 52. Kc4 h5 53. Nd5 Na6 54. Rb2 Rc5+ 55. Kd3 Rc6 56. Rb7+ Ke8 57. Kd2 Kf8 58. Kd1 Kg7 59. Ra7 Nc5 60. Ne7 Ra6 61. Rxa6 Nxa6 62. Nc8 Kf6 63. Nxd6 Ke6 64. Nb5 f5 65. Nc3 Nc5 66. Ke2 fxe4 67. Nxe4 Nxe4 68. fxe4 Kf6 69. h4 1/2-1/2

[Event "Elancourt op"]
[Site "Elancourt"]
[Date "2005.04.27"]
[Round "6"]
[White "D'Avout d'Averstaedt, Geoffroy"]
[Black "Dominguez, Alain"]
[Result "1-0"]
[WhiteElo "2032"]
[BlackElo "1920"]
[PlyCount "84"]
[EventDate "2005.04.23"]
[EventType "swiss"]
[EventRounds "9"]
[EventCountry "FRA"]
[SourceTitle "CBM 105 Extra"]
[Source "ChessBase"]
[SourceDate "2005.05.01"]
[SourceVersion "1"]
[SourceVersionDate "2005.05.01"]
[SourceQuality "1"]

1. Nf3 d5 2. d4 Nf6 3. e3 e6 4. Bd3 Nbd7 5. Nbd2 c5 6. b3 Be7 7. Bb2 b6 8. Ne5 Nxe5 9. dxe5 Nd7 10. 0-0 Bb7 11. f4 g6 12. g4 Qc7 13. a4 a5 14. Qe2 0-0-0 15. c4 f5 16. cxd5 Bxd5 17. e4 fxe4 18. Bxe4 Bxe4 19. Nxe4 Rhf8 20. Qc4 Qc6 21. Rad1 Nb8 22. Nd6+ Bxd6 23. Qxe6+ Qd7 24. Qxd7+ Rxd7 25. exd6 Nc6 26. f5 gxf5 27. Rxf5 Rfd8 28. Rfd5 Kb7 29. Bf6 Re8 30. Kf2 Re6 31. g5 Na7 32. Re5 Rxe5 33. Bxe5 Kc6 34. h4 Nc8 35. h5 Nxd6 36. Rxd6+ Rxd6 37. Bxd6 Kxd6 38. g6 hxg6 39. h6 Kc6 40. h7 b5 41. h8Q bxa4 42. bxa4 Kd5 1-0

[Event "Elancourt op"]
[Site "Elancourt"]
[Date "2005.04.25"]
[Round "4"]
[White "Le Ray, Olivier"]
[Black "Dominguez, Alain"]
[Result "1-0"]
[WhiteElo "1982"]
[BlackElo "1920"]
[PlyCount "65"]
[EventDate "2005.04.23"]
[EventType "swiss"]
[EventRounds "9"]
[EventCountry "FRA"]
[SourceTitle "CBM 105 Extra"]
[Source "ChessBase"]
[SourceDate "2005.05.01"]
[SourceVersion "1"]
[SourceVersionDate "2005.05.01"]
[SourceQuality "1"]

1. e4 c5 2. Nf3 Nc6 3. d4 cxd4 4. Nxd4 d6 5. Nc3 Bd7 6. Be3 Nf6 7. f3 a6 8. Qd2 b5 9. 0-0-0 Qc7 10. Kb1 Rc8 11. g4 Nxd4 12. Bxd4 e5 13. Be3 Bc6 14. g5 Nh5 15. Bh3 Rd8 16. Bg4 g6 17. Qf2 Qb7 18. Bxh5 gxh5 19. Qh4 Bg7 20. Qxh5 a5 21. Nd5 Bxd5 22. Rxd5 Rd7 23. Rhd1 Qc6 24. Qg4 0-0 25. h4 a4 26. h5 Ra8 27. g6 hxg6 28. hxg6 Rc7 29. R1d2 b4 30. gxf7+ Rxf7 31. Rxd6 Qc5 32. Rd7 Rxd7 33. Rxd7 1-0

[Event "Montigny le Bretonneux Noel op 06th"]
[Site "Montigny le Bretonneux"]
[Date "2003.12.28"]
[Round "4"]
[White "Baron, Romuald"]
[Black "Dominguez, Alain"]
[Result "1/2-1/2"]
[WhiteElo "1950"]
[BlackElo "1830"]
[PlyCount "58"]
[EventDate "2003.12.26"]
[EventType "swiss"]
[EventRounds "6"]
[EventCountry "FRA"]
[SourceTitle "CBM 097 Extra"]
[Source "ChessBase"]
[SourceDate "2004.01.13"]
[SourceVersion "1"]
[SourceVersionDate "2004.01.13"]
[SourceQuality "1"]

1. Nf3 d5 2. d4 c5 3. c4 Nc6 4. Nc3 e6 5. Bg5 f6 6. Be3 cxd4 7. Nxd4 Bb4 8. Nxc6 Bxc3+ 9. bxc3 bxc6 10. cxd5 Qxd5 11. Qb3 Ne7 12. Rd1 Qxb3 13. axb3 Nd5 14. c4 Nxe3 15. fxe3 Rb8 16. Rd3 Ke7 17. Kd2 e5 18. e4 Be6 19. e3 c5 20. Be2 Rb7 21. Ra1 Ra8 22. Ra5 Rc7 23. Kc3 Rb8 24. Rd2 Rbb7 25. Rda2 Kd7 26. Ra6 Ke7 27. R2a5 g5 28. g4 Bf7 29. h3 h6 1/2-1/2